000 03219nam a2200289 4500
003 NALT
005 20250903153659.0
008 250718b th ||||| |||| 00| 0 tha d
020 _a9786164884885
040 _aNALT
050 _aDS 578.32
_bป472ป 2568
100 0 _aศุภณัฐ บุญสด.
_966320
245 1 0 _aปรีดีบรรณานุสรณ์ 2568 :
_bการควบคุมทหารโดยพลเรือนในระบบกฎหมายไทยสมัยคณะราษฎร (พ.ศ. 2475-2490) /
_cศุภณัฐ บุญสด.
250 _aพิมพ์ครั้งแรก.
260 _aกรุงเทพฯ :
_bมหาวิทยาลัยธรรมศาสตร์,
_c2568.
300 _a152 หน้า :
_bภาพประกอบ, ตาราง ;
_c21 ซม.
500 _aหนังสือที่ระลึกในวาระ 125 ปีชาตกาล ศาสตราจารย์ ดร.ปรีดี พนมยงค์.
505 2 _aบทนำ ทฤษฎีการควบคุุมทหารโดยพลเรือนและข้อพิจารณาเบื้องต้นเกี่ยวกับการควบคุมทหาร -- บทที่ 1 บทบาททหารกับการแทรกแซงทางการเมือง พ.ศ. 2475-2488 -- บทที่ 2 ลักษณะของกฎเกณฑ์เกี่ยวกับความสัมพันธ์ระหว่างทหารกับพลเรือนบางประการที่ไม่สอดคล้องกับทฤษฎีการควบคุมทหารโดยพลเรือนภายใต้ระบอบใหม่ -- บทที่ 3 การขึ้นสู่อำนาจทางการเมืองของปรีดี พนมยงค์ และการยุติบทบาทการแทรกแซงทางการเมืองของทหารภายหลังสงครามโลกครั้งที่ 2 -- บทที่ 4 การสถาปนาหลักการควบคุมทหารโดยพลเรือนภายหลังการเปลี่ยนแปลงการปกครองโดยคณะราษฎร -- บทสรุป จากการควบคุมทหารโดยพลเรือนในยุคคณะราษฎรสู่การควบคุมพลเรือนโดยทหารในยุคปัจจุบัน.
600 0 4 _aปรีดี พนมยงค์
_xงานฉลองครบรอบปี
_966335
650 4 _aทหาร
_xกิจกรรมทางการเมือง
_zไทย
_939359
651 4 _aไทย
_xการเมืองและการปกครอง
_y2475-2490
_953843
942 _2lcc
_cGB
996 _ajidapa.t
_bACQSTF
_c2025-07-18
996 _avaree.k
_bLIBSTF
_c2025-07-21
996 _asaiphon.d
_bCATSTF
_c2025-07-22
999 _c106990
_d106990
998 _j104
_k นางสาวสายฝน ดีงาม